[Event "Plunge op 36th"]
[Site "Plateliai"]
[Date "2016.07.21"]
[Round "5"]
[White "Kalvaitis, Sigitas"]
[Black "Dubinskas, Konstantinas"]
[Result "1-0"]
[WhiteElo "2285"]
[BlackElo "1936"]
[PlyCount "47"]
[EventDate "2016.07.18"]
[EventType "swiss"]
[EventRounds "9"]
[EventCountry "LTU"]
[SourceTitle "EXT 2018"]
[Source "ChessBase"]
[SourceDate "2017.10.13"]
[SourceVersion "1"]
[SourceVersionDate "2017.10.13"]
[SourceQuality "1"]

1. e4 c6 2. d4 d5 3. Nc3 dxe4 4. Nxe4 Nd7 5. Ng5 Ngf6 6. Bd3 e6 7. N1f3 h6 8. Nxe6 Qe7 9. 0-0 fxe6 10. Bg6+ Kd8 11. c4 Qd6 12. Qe2 Qc7 13. g3 Be7 14. Bf4 Bd6 15. Ne5 Rf8 16. Rad1 Bxe5 17. dxe5 Ng8 18. Qg4 Re8 19. Bxe8 Kxe8 20. Qxg7 Ne7 21. Rd6 b6 22. Rfd1 Nf8 23. Bxh6 Nfg6 24. h4 1-0

[Event "Klaipeda Sea op-A 12th"]
[Site "Klaipeda"]
[Date "2015.07.31"]
[Round "5"]
[White "Dubinskas, Konstantinas"]
[Black "Armonaitis, Silvestras"]
[Result "0-1"]
[WhiteElo "1959"]
[BlackElo "2087"]
[PlyCount "92"]
[EventDate "2015.07.27"]
[EventType "swiss"]
[EventRounds "7"]
[EventCountry "LTU"]
[SourceTitle "CBM 167 Extra"]
[Source "ChessBase"]
[SourceDate "2015.09.14"]
[SourceVersion "1"]
[SourceVersionDate "2015.09.14"]
[SourceQuality "1"]

1. e4 e6 2. d4 d5 3. exd5 exd5 4. Bd3 Nc6 5. c3 Bd6 6. Qf3 Qe7+ 7. Ne2 Be6 8. 0-0 g5 9. Ng3 g4 10. Qe2 h5 11. Re1 Nh6 12. Bxh6 Rxh6 13. Qd2 Qf6 14. Nf5 Rh8 15. Nxd6+ cxd6 16. Na3 0-0-0 17. Nc2 h4 18. g3 Rh5 19. Ne3 Rdh8 20. Nf1 Ne7 21. Re2 Ng6 22. a4 Nf8 23. Rae1 Bd7 24. Qe3 Ne6 25. Nd2 Ng5 26. Kh1 Nf3 27. Nxf3 gxf3 28. Rc2 Bh3 29. Bf1 hxg3 30. fxg3 Bg2+ 31. Rxg2 fxg2+ 32. Bxg2 Rxh2+ 33. Kg1 Qf5 34. b4 Qh5 35. Re2 a6 36. b5 axb5 37. axb5 Rh1+ 38. Kf2 Rb1 39. Qf4 Kd7 40. c4 dxc4 41. Qe4 Rxb5 42. Qe7+ Kc8 43. Ra2 Qf5+ 44. Ke2 Qd3+ 45. Kf2 Qxd4+ 46. Ke2 Re5+ 0-1

[Event "Klaipeda Sea op-A 11th"]
[Site "Klaipeda"]
[Date "2014.07.22"]
[Round "2"]
[White "Dubinskas, Konstantinas"]
[Black "Barsciauskas, Gintautas"]
[Result "1/2-1/2"]
[WhiteElo "1948"]
[BlackElo "1733"]
[PlyCount "113"]
[EventDate "2014.07.21"]
[EventType "swiss"]
[EventRounds "7"]
[EventCountry "LTU"]
[SourceTitle "CBM 161 Extra"]
[Source "ChessBase"]
[SourceDate "2014.08.29"]
[SourceVersion "1"]
[SourceVersionDate "2014.08.29"]
[SourceQuality "1"]

1. d4 d5 2. Nf3 Nf6 3. c4 e6 4. e3 c5 5. Nc3 cxd4 6. exd4 Be7 7. Bd3 0-0 8. 0-0 Nc6 9. a3 a6 10. c5 Re8 11. h3 Bf8 12. Re1 g6 13. Bf4 b5 14. cxb6 Qxb6 15. Na4 Qa7 16. Rc1 Bb7 17. Nc5 Nh5 18. Bh2 Nxd4 19. Nxb7 Nxf3+ 20. Qxf3 Rec8 21. Na5 Qb6 22. b4 Bh6 23. Rxc8+ Rxc8 24. g4 Ng7 25. Be5 Ne8 26. Nb3 Bg7 27. Bxg7 Kxg7 28. Rc1 Rxc1+ 29. Nxc1 a5 30. Qe3 Qxe3 31. fxe3 axb4 32. axb4 Kf8 33. Kf2 Ke7 34. Ke2 Kd6 35. Kd2 f5 36. gxf5 gxf5 37. Kc3 Ng7 38. Be2 e5 39. Nd3 Ne6 40. Bf1 d4+ 41. exd4 Nxd4 42. Kc4 Nc2 43. Kb5 e4 44. Nf2 e3 45. Nd3 e2 46. Bxe2 Nd4+ 47. Kc4 Nxe2 48. b5 f4 49. Nf2 Kc7 50. Kd3 Ng3 51. Kd4 Kb6 52. Ke5 Ne2 53. h4 Kxb5 54. h5 Kc6 55. h6 Kd7 56. Ke4 Ke6 57. Kf3 1/2-1/2

[Event "Klaipeda Sea op-A 11th"]
[Site "Klaipeda"]
[Date "2014.07.21"]
[Round "1"]
[White "Beinoras, Mindaugas"]
[Black "Dubinskas, Konstantinas"]
[Result "1-0"]
[WhiteElo "2404"]
[BlackElo "1948"]
[PlyCount "79"]
[EventDate "2014.07.21"]
[EventType "swiss"]
[EventRounds "7"]
[EventCountry "LTU"]
[SourceTitle "CBM 161 Extra"]
[Source "ChessBase"]
[SourceDate "2014.08.29"]
[SourceVersion "1"]
[SourceVersionDate "2014.08.29"]
[SourceQuality "1"]

1. d4 d5 2. c4 c6 3. Nc3 Nf6 4. Nf3 a6 5. e3 Bf5 6. Qb3 Ra7 7. a4 h6 8. a5 e6 9. Be2 Bd6 10. Qb6 Qxb6 11. axb6 Ra8 12. c5 Be7 13. b4 0-0 14. b5 cxb5 15. Bxb5 Nbd7 16. Ba4 Rac8 17. Ba3 Rfd8 18. 0-0 Bf8 19. Rfc1 Nb8 20. Nd2 e5 21. Nb3 exd4 22. exd4 Bd7 23. Na5 Bxa4 24. Nxa4 Rd7 25. c6 bxc6 26. Bxf8 Kxf8 27. b7 Re8 28. Nb6 Rde7 29. Nc8 Re6 30. Na7 Nfd7 31. N5xc6 Nxc6 32. Nxc6 Nb8 33. Na5 g6 34. g3 Kg7 35. Kf1 Nd7 36. Rab1 Nb8 37. Rc5 Rd6 38. Rc8 Rdd8 39. Rbc1 Kf8 40. R1c7 1-0

[Event "Palanga op"]
[Site "Palanga"]
[Date "2013.06.21"]
[Round "7"]
[White "Dubinskas, Konstantinas"]
[Black "Agafontseva, Natalya Valerievna"]
[Result "1/2-1/2"]
[WhiteElo "1967"]
[BlackElo "1789"]
[PlyCount "57"]
[EventDate "2013.06.17"]
[EventType "swiss"]
[EventRounds "9"]
[EventCountry "LTU"]
[SourceTitle "EXT 2014"]
[Source "ChessBase"]
[SourceDate "2013.11.20"]
[SourceVersion "1"]
[SourceVersionDate "2013.11.20"]
[SourceQuality "1"]

1. Nf3 d5 2. d4 Nf6 3. Bf4 c5 4. e3 Nc6 5. c3 Qb6 6. Qc1 Bf5 7. Be2 h6 8. 0-0 e6 9. dxc5 Bxc5 10. Nbd2 Rc8 11. Nb3 Be7 12. Nfd4 Bh7 13. Nxc6 bxc6 14. c4 Nd7 15. cxd5 exd5 16. Bg4 Rd8 17. Nd4 c5 18. Nb3 0-0 19. Rd1 Nf6 20. Bf3 Rd7 21. Be5 Ne4 22. Nd2 Qe6 23. Nxe4 dxe4 24. Rxd7 exf3 25. Rxe7 Qxe7 26. Bg3 fxg2 27. Kxg2 Qb7+ 28. f3 c4 29. Qd2 1/2-1/2

[Event "Palanga op"]
[Site "Palanga"]
[Date "2013.06.18"]
[Round "2"]
[White "Krivonosov, Oleg"]
[Black "Dubinskas, Konstantinas"]
[Result "1-0"]
[WhiteElo "2463"]
[BlackElo "1967"]
[PlyCount "119"]
[EventDate "2013.06.17"]
[EventType "swiss"]
[EventRounds "9"]
[EventCountry "LTU"]
[SourceTitle "EXT 2014"]
[Source "ChessBase"]
[SourceDate "2013.11.20"]
[SourceVersion "1"]
[SourceVersionDate "2013.11.20"]
[SourceQuality "1"]

1. Nf3 c5 2. c4 Nf6 3. Nc3 d5 4. cxd5 Nxd5 5. d4 cxd4 6. Qxd4 e6 7. e4 Nc6 8. Bb5 Nxc3 9. Qxc3 Bd7 10. 0-0 a6 11. Be2 Qa5 12. Bd2 Qxc3 13. Bxc3 f6 14. e5 Be7 15. Bc4 b5 16. Bb3 b4 17. Bd4 Na5 18. Rfc1 Kf7 19. Rc7 Rhd8 20. Bd1 Rac8 21. Rxc8 Rxc8 22. Be2 Bb5 23. Bxb5 axb5 24. Kf1 Rc2 25. exf6 gxf6 26. b3 Nc6 27. Be3 e5 28. Ne1 Rc3 29. Bd2 Rc5 30. Rc1 Rxc1 31. Bxc1 Ke6 32. Nc2 f5 33. f3 Bc5 34. Ke2 Kd5 35. Kd3 Ne7 36. Bd2 Nc6 37. h3 f4 38. Be1 Be7 39. g4 fxg3 40. Bxg3 Bg5 41. Be1 Be7 42. Ne3+ Ke6 43. Ke4 Nd4 44. Bg3 Bd6 45. Ng4 Nc6 46. Bf2 Be7 47. Be3 Bd6 48. Nf2 Ne7 49. Bg5 Nd5 50. Nd1 Nc3+ 51. Nxc3 bxc3 52. a4 bxa4 53. bxa4 Bb4 54. Kd3 Kd5 55. Bd8 Kc6 56. Kc2 Kd7 57. Bh4 Kc6 58. Be1 Kd5 59. Bxc3 Bc5 60. Kd3 1-0

[Event "LTU-chT"]
[Site "Vilnius"]
[Date "2013.01.19"]
[Round "1.4"]
[White "Dubinskas, Konstantinas"]
[Black "Novikov, Vitalij"]
[Result "0-1"]
[WhiteElo "1979"]
[BlackElo "2322"]
[PlyCount "64"]
[EventDate "2013.01.19"]
[EventType "team-swiss"]
[EventRounds "7"]
[EventCountry "LTU"]
[SourceTitle "CBM 152 Extra"]
[Source "ChessBase"]
[SourceDate "2013.02.25"]
[SourceVersion "1"]
[SourceVersionDate "2013.02.25"]
[SourceQuality "1"]
[WhiteTeam "Kretinga Akmena"]
[BlackTeam "Panevezys Babilonas"]
[WhiteTeamCountry "LTU"]
[BlackTeamCountry "LTU"]

1. d4 e6 2. Nf3 Nf6 3. c4 b6 4. g3 Ba6 5. Qc2 c5 6. Bg2 Bb7 7. d5 exd5 8. Nh4 Nc6 9. cxd5 Nb4 10. Qd1 Bxd5 11. Bxd5 Nbxd5 12. e4 Nc7 13. e5 Qe7 14. 0-0 Nfd5 15. Re1 Qe6 16. Qf3 g6 17. Ng2 Qc6 18. h4 Ne6 19. Bd2 Nd4 20. Qd1 Bg7 21. Na3 0-0 22. Nc2 Nxc2 23. Qxc2 Rfe8 24. f4 f6 25. exf6 Nxf6 26. Bc3 d5 27. Be5 d4 28. Bxd4 Qf3 29. Bf2 Ng4 30. Qb3+ Qxb3 31. axb3 a5 32. Kf1 Nh2+ 0-1

[Event "Baltija Cup"]
[Site "Palanga"]
[Date "2012.06.22"]
[Round "6"]
[White "Dubinskas, Konstantinas"]
[Black "Putka, Verner"]
[Result "0-1"]
[WhiteElo "1983"]
[BlackElo "2306"]
[PlyCount "114"]
[EventDate "2012.06.19"]
[EventType "swiss"]
[EventRounds "8"]
[EventCountry "LTU"]
[SourceTitle "CBM 149 Extra"]
[Source "ChessBase"]
[SourceDate "2012.08.24"]
[SourceVersion "1"]
[SourceVersionDate "2012.08.24"]
[SourceQuality "1"]

1. Nf3 Nf6 2. d4 e6 3. c4 b6 4. a3 Bb7 5. Nc3 d5 6. Bg5 Be7 7. e3 0-0 8. Bd3 Nbd7 9. 0-0 c5 10. Qe2 Rc8 11. cxd5 cxd4 12. Nxd4 Nxd5 13. Bxe7 Qxe7 14. Nxd5 Bxd5 15. Ba6 Rc7 16. e4 Ba8 17. Nb5 Rc5 18. Nc3 f5 19. f4 fxe4 20. Nxe4 Rcf5 21. Ng5 Bd5 22. Bd3 Rxf4 23. Bxh7+ Kh8 24. Rxf4 Rxf4 25. Qh5 g6 26. Bxg6+ Kg7 27. Rc1 Nf6 28. Qh3 Kxg6 29. Nf3 Bxf3 30. Qg3+ Kf5 31. gxf3 Qh7 32. Qf2 Qg6+ 33. Kh1 Nd5 34. Rg1 Qh5 35. Rg3 Kf6 36. b4 Qe5 37. Qc2 Qe1+ 38. Rg1 Qc3 39. Qg6+ Ke7 40. Qh7+ Kd6 41. Qxa7 Rxf3 42. Qb8+ Qc7 43. Qh8 Rf5 44. b5 Qb7 45. Qd8+ Ke5 46. Rc1 Kd4 47. Rc6 Qg7 48. Qh4+ Rf4 49. Qe1 Qg4 50. Qa1+ Ke4 51. Qe1+ Ne3 52. Qb1+ Kf3 53. Qb2 Rd4 54. Rc1 Ke4 55. Re1 Qf3+ 56. Kg1 Kd5 57. Qb3+ Kd6 0-1

[Event "Baltija Cup"]
[Site "Palanga"]
[Date "2012.06.20"]
[Round "2"]
[White "Stabulnieks, Klavs"]
[Black "Dubinskas, Konstantinas"]
[Result "0-1"]
[WhiteElo "1760"]
[BlackElo "1983"]
[PlyCount "122"]
[EventDate "2012.06.19"]
[EventType "swiss"]
[EventRounds "8"]
[EventCountry "LTU"]
[SourceTitle "CBM 149 Extra"]
[Source "ChessBase"]
[SourceDate "2012.08.24"]
[SourceVersion "1"]
[SourceVersionDate "2012.08.24"]
[SourceQuality "1"]

1. e4 e5 2. Nf3 Nc6 3. Bc4 Bc5 4. d3 Nf6 5. Nc3 d6 6. Bg5 h6 7. Bxf6 Qxf6 8. Nd5 Qd8 9. c3 a6 10. d4 Ba7 11. h3 0-0 12. 0-0 Re8 13. Re1 exd4 14. cxd4 Ne7 15. Nf4 b5 16. Bb3 c5 17. dxc5 dxc5 18. Qe2 c4 19. Bc2 Bb7 20. Rad1 Qc7 21. e5 Rad8 22. Be4 Bxe4 23. Qxe4 Qc6 24. Qe2 Nd5 25. Nxd5 Rxd5 26. Qe4 Red8 27. Rc1 Qb6 28. Rc2 Rd1 29. Rce2 Rxe1+ 30. Nxe1 Rd1 31. Qf5 Qe6 32. Qe4 Qd5 33. Qf5 Qd3 34. Qg4 Qd7 35. Qf3 Bd4 36. Qe4 c3 37. bxc3 Bxc3 38. Kh2 Rxe1 39. Rxe1 Bxe1 40. Qxe1 Qd5 41. Qe2 a5 42. f4 Qc4 43. Qf2 b4 44. f5 Qc7 45. Qb2 f6 46. Qb3+ Kh7 47. g4 Qxe5+ 48. Kg2 Qe4+ 49. Kh2 h5 50. Qf7 hxg4 51. Qg6+ Kg8 52. hxg4 a4 53. Kg3 b3 54. axb3 axb3 55. g5 Qe5+ 56. Kf3 b2 57. gxf6 Qxf6 58. Qe8+ Qf8 59. Qe6+ Qf7 60. Qc8+ Kh7 61. Qc2 Qb7+ 0-1

[Event "Baltija Cup"]
[Site "Palanga"]
[Date "2012.06.19"]
[Round "1"]
[White "Dubinskas, Konstantinas"]
[Black "Sidabras, Jonas"]
[Result "1-0"]
[WhiteElo "1983"]
[BlackElo "1618"]
[PlyCount "39"]
[EventDate "2012.06.19"]
[EventType "swiss"]
[EventRounds "8"]
[EventCountry "LTU"]
[SourceTitle "CBM 149 Extra"]
[Source "ChessBase"]
[SourceDate "2012.08.24"]
[SourceVersion "1"]
[SourceVersionDate "2012.08.24"]
[SourceQuality "1"]

1. d4 d5 2. Nf3 e6 3. c4 Nf6 4. Nc3 Bb4 5. e3 c5 6. Bd3 cxd4 7. exd4 h6 8. 0-0 0-0 9. Qe2 Nc6 10. Rd1 dxc4 11. Bxc4 Ne7 12. Ne5 Ned5 13. Bd2 Nxc3 14. bxc3 Ba5 15. Qf3 Qc7 16. Bd3 Rd8 17. Rac1 Qd6 18. Bxh6 Kf8 19. Qxf6 gxh6 20. Qxf7# 1-0

[Event "LTU-chT"]
[Site "Lithuania"]
[Date "2012.03.04"]
[Round "7"]
[White "Solys, Laimutis"]
[Black "Dubinskas, Konstantinas"]
[Result "1-0"]
[WhiteElo "2335"]
[BlackElo "1997"]
[PlyCount "65"]
[EventDate "2012.01.21"]
[EventType "team-swiss"]
[EventRounds "7"]
[EventCountry "LTU"]
[SourceTitle "EXT 2013"]
[Source "ChessBase"]
[SourceDate "2012.11.22"]
[SourceVersion "1"]
[SourceVersionDate "2012.11.22"]
[SourceQuality "1"]
[WhiteTeam "Kaunas Margiris"]
[BlackTeam "Kretinga Akmena"]
[WhiteTeamCountry "LTU"]
[BlackTeamCountry "LTU"]

1. d4 d5 2. c4 e6 3. Nc3 c5 4. e3 Nf6 5. Nf3 Nc6 6. cxd5 exd5 7. Be2 Be7 8. 0-0 0-0 9. dxc5 Bxc5 10. b3 a6 11. Bb2 Be6 12. Rc1 Qe7 13. Na4 Ba7 14. a3 Rac8 15. b4 Ne4 16. Nd4 Nxd4 17. Bxd4 b5 18. Nc3 Rfd8 19. Bf3 Nxc3 20. Rxc3 Rxc3 21. Bxc3 Qc7 22. Qd2 Rc8 23. Rc1 Qb7 24. Bb2 Rc4 25. Rxc4 bxc4 26. Qc3 f6 27. Qxc4 Qb5 28. Qc7 Qb6 29. Qe7 h6 30. h4 Bb8 31. Bh5 Bf5 32. Qe8+ Kh7 33. Bf7 1-0

[Event "Klaipeda-ch"]
[Site "Klaipeda"]
[Date "2012.02.15"]
[Round "8"]
[White "Beliajeva, Olga"]
[Black "Dubinskas, Konstantinas"]
[Result "1/2-1/2"]
[WhiteElo "1953"]
[BlackElo "1997"]
[PlyCount "139"]
[EventDate "2012.01.18"]
[EventType "tourn"]
[EventRounds "11"]
[EventCountry "LTU"]
[SourceTitle "EXT 2013"]
[Source "ChessBase"]
[SourceDate "2012.11.22"]
[SourceVersion "1"]
[SourceVersionDate "2012.11.22"]
[SourceQuality "1"]

1. e4 e5 2. Nc3 Nf6 3. Nf3 Nc6 4. d4 exd4 5. Nxd4 Bb4 6. Nxc6 bxc6 7. Bd3 d5 8. exd5 cxd5 9. 0-0 0-0 10. Bg5 c6 11. Qf3 Be7 12. Rfe1 Be6 13. Ne2 h6 14. Bd2 c5 15. c3 Ne4 16. Be3 f5 17. Qh5 Qd7 18. f3 Ng5 19. Bxg5 Bxg5 20. f4 Be7 21. Rad1 Rab8 22. Rd2 Bd6 23. Bb1 Qe8 24. Qf3 Qf7 25. Nc1 d4 26. Ne2 Bd5 27. Qf1 Rfe8 28. b3 Re7 29. Rdd1 Rbe8 30. Bd3 Re3 31. cxd4 Qe7 32. Bb5 Rb8 33. Nc3 Ba8 34. Bc4+ Kh8 35. d5 Re8 36. Re2 Rxe2 37. Nxe2 Bb7 38. Qf2 Qf6 39. Ng3 g6 40. Qd2 h5 41. Ne2 Bc8 42. Qa5 Qe7 43. Qc3+ Kh7 44. Kf2 Qh4+ 45. Qg3 Qf6 46. Rd3 Bd7 47. Re3 Rg8 48. Qf3 Qb2 49. a4 Qc2 50. Rc3 Qb2 51. Qd3 Re8 52. Qc2 Qxc2 53. Rxc2 Re4 54. Kf3 Kg7 55. Bd3 Rb4 56. Bc4 Rb8 57. Nc1 Kf6 58. Nd3 Re8 59. Ba6 Rb8 60. Rc3 Rb6 61. Bc4 Rb8 62. Nb2 Re8 63. Bd3 Rc8 64. Nc4 Bf8 65. Ne5 Be8 66. Bb5 Bxb5 67. axb5 Rd8 68. Nc6 Rxd5 69. Nxa7 Rd7 70. Nc6 1/2-1/2

[Event "Klaipeda-ch"]
[Site "Klaipeda"]
[Date "2012.02.05"]
[Round "6"]
[White "Beinoras, Mindaugas"]
[Black "Dubinskas, Konstantinas"]
[Result "1-0"]
[WhiteElo "2353"]
[BlackElo "1997"]
[PlyCount "41"]
[EventDate "2012.01.18"]
[EventType "tourn"]
[EventRounds "11"]
[EventCountry "LTU"]
[SourceTitle "EXT 2013"]
[Source "ChessBase"]
[SourceDate "2012.11.22"]
[SourceVersion "1"]
[SourceVersionDate "2012.11.22"]
[SourceQuality "1"]

1. c4 e6 2. d4 d5 3. Nf3 Nf6 4. Nc3 c6 5. e3 Nbd7 6. Qc2 Bd6 7. Bd3 dxc4 8. Bxc4 b5 9. Be2 Bb7 10. 0-0 a6 11. Rd1 Qe7 12. e4 e5 13. dxe5 Nxe5 14. Nd4 Rd8 15. Nf5 Qf8 16. Bf4 Bc7 17. Nd5 Nxd5 18. exd5 c5 19. d6 Rxd6 20. Nxd6+ Bxd6 21. Qd2 1-0

[Event "Klaipeda-ch"]
[Site "Klaipeda"]
[Date "2012.01.25"]
[Round "2"]
[White "Dubinskas, Konstantinas"]
[Black "Vaitonis, Vytautas"]
[Result "1/2-1/2"]
[WhiteElo "1997"]
[BlackElo "2034"]
[PlyCount "44"]
[EventDate "2012.01.18"]
[EventType "tourn"]
[EventRounds "11"]
[EventCountry "LTU"]
[SourceTitle "EXT 2013"]
[Source "ChessBase"]
[SourceDate "2012.11.22"]
[SourceVersion "1"]
[SourceVersionDate "2012.11.22"]
[SourceQuality "1"]

1. e4 g6 2. d4 Bg7 3. c3 d6 4. f4 Nf6 5. Bd3 e5 6. Nf3 exd4 7. cxd4 0-0 8. 0-0 d5 9. e5 Ne4 10. Nc3 Nxc3 11. bxc3 Nc6 12. Rb1 b6 13. Qe1 Ne7 14. Ba3 Re8 15. Nh4 f5 16. Nf3 Nc6 17. Qd1 Na5 18. Nd2 Be6 19. Bb5 c6 20. Ba4 b5 21. Bc2 Nc4 22. Nxc4 dxc4 1/2-1/2

[Event "Baltija Cup op-A"]
[Site "Palanga"]
[Date "2011.06.20"]
[Round "2"]
[White "Beinoras, Mindaugas"]
[Black "Dubinskas, Konstantinas"]
[Result "1-0"]
[WhiteElo "2358"]
[BlackElo "2005"]
[PlyCount "81"]
[EventDate "2011.06.19"]
[EventType "swiss"]
[EventRounds "8"]
[EventCountry "LTU"]
[SourceTitle "EXT 2012"]
[Source "ChessBase"]
[SourceDate "2011.11.24"]
[SourceVersion "1"]
[SourceVersionDate "2011.11.24"]
[SourceQuality "1"]

1. d4 d5 2. c4 e6 3. Nc3 c5 4. cxd5 exd5 5. Nf3 Nc6 6. g3 Nf6 7. Bg2 Be7 8. 0-0 0-0 9. Be3 Ng4 10. Bf4 Be6 11. Rc1 Rc8 12. dxc5 Bxc5 13. Ng5 Nf6 14. Na4 Be7 15. Nc5 Bxc5 16. Rxc5 Qe7 17. Rc1 Rfd8 18. Qd3 Bg4 19. Nf3 d4 20. a3 h6 21. Rfe1 Rd7 22. Ne5 Rdd8 23. Bxc6 bxc6 24. Nxc6 Rxc6 25. Rxc6 Qb7 26. Rd6 Rxd6 27. Bxd6 Qd5 28. Bb4 Bf5 29. Qf3 Be4 30. Qf4 a5 31. Be7 Nh5 32. Qd6 Qc4 33. Qe5 Bg6 34. Rd1 d3 35. exd3 Qc2 36. Re1 Qxd3 37. Qxa5 Qf3 38. Qc3 Qg4 39. Qe5 f5 40. Qe2 Qh3 41. Qc4+ 1-0

[Event "Klaipede-ch"]
[Site "Klaipeda"]
[Date "2011.03.27"]
[Round "9"]
[White "Galuscak, Viktoras"]
[Black "Dubinskas, Konstantinas"]
[Result "1-0"]
[WhiteElo "1815"]
[BlackElo "2052"]
[PlyCount "99"]
[EventDate "2011.01.04"]
[EventType "tourn"]
[EventRounds "11"]
[EventCountry "LTU"]
[SourceTitle "EXT 2013"]
[Source "ChessBase"]
[SourceDate "2012.11.22"]
[SourceVersion "1"]
[SourceVersionDate "2012.11.22"]
[SourceQuality "1"]

1. e4 c5 2. Nc3 e6 3. f4 d5 4. e5 Ne7 5. Nf3 a6 6. a4 Nf5 7. Bd3 Nd4 8. Nxd4 cxd4 9. Ne2 Nc6 10. 0-0 f5 11. Kh1 h5 12. c3 Be7 13. b3 dxc3 14. dxc3 g6 15. Be3 Kf7 16. Qc2 h4 17. Nd4 Bd7 18. Nxc6 Bxc6 19. Bd4 Qd7 20. Rf3 b5 21. g4 hxg3 22. Rxg3 Rh6 23. axb5 Bxb5 24. Qe2 Rah8 25. Rg2 Rc8 26. Bxb5 axb5 27. Ra7 Qc6 28. b4 Kf8 29. Rg1 Rc7 30. Rxc7 Qxc7 31. Qxb5 Rh4 32. Ra1 Rxf4 33. Ra8+ Kg7 34. Qb8 Qxb8 35. Rxb8 Kh6 36. Be3 Bg5 37. Bxf4 Bxf4 38. Re8 Bxe5 39. Rxe6 Bxc3 40. b5 Ba5 41. b6 Kg5 42. Rd6 d4 43. b7 Bc7 44. Rxd4 f4 45. Rc4 Bd6 46. Rc8 f3 47. b8Q Bxb8 48. Rxb8 Kf4 49. Kg1 Ke3 50. Re8+ 1-0